000
00336nam a2200133Ia 4500
008
100328s9999 xx 000 0 und d
082
_b
72484
100
_a
नरवणे सुधा
245
_a
घायाळ
260
_b
निशिगंधा.
630
_a
घायाळ
730
_a
घायाळ
942
_c
BOOK
999
_c
558205
_d
558202